[Event "Istanbul Open 2017"]
[Site "Istanbul"]
[Date "2017.09.12"]
[Round "2"]
[White "Guseynov, Alihan"]
[Black "Sayin, Hakki"]
[Result "1-0"]
[WhiteElo "2333"]
[BlackElo "2014"]
[Annotator "RC"]
[PlyCount "91"]
[EventDate "2017.??.??"]
[EventType "swiss"]
[EventCountry "TUR"]
[SourceTitle "playchess.com"]
[Source "ChessBase"]
[SourceQuality "1"]
[TimeControl "5400+30"]

1. d4 d5 2. c4 e6 3. Nc3 Nf6 4. Bg5 Nbd7 5. cxd5 exd5 6. e3 c6 7. Bd3 Be7 8. Qc2 O-O 9. Nge2 Re8 10. O-O Ne4 11. Bxe4 dxe4 12. Bf4 Nf6 13. Nxe4 Nd5 14. Bg3 Nb4 15. Qd2 Bf8 16. N4c3 Bf5 17. f3 Qg5 18. Bf4 Qg6 19. e4 Be6 20. a3 Na6 21. Qc2 Rad8 {[%emt 1:09:00]} 22. Bg3 {[%emt 1:20:00]} Qh6 {[%emt 0:00:30]} 23. Rad1 {[%emt 0:00:30]} Bd6 {[%emt 0:00:30]} 24. Qc1 {[%emt 0:00:30]} Qxc1 {[%emt 0:00:30]} 25. Nxc1 {[%emt 0:00:30]} Bxg3 {[%emt 0:00:30]} 26. hxg3 {[%emt 0:00:30]} Nc7 {[%emt 0:00:30]} 27. g4 {[%emt 0:00:30]} Kf8 {[%emt 0:00:30]} 28. Kf2 {[%emt 0:00:30]} Bc4 {[%emt 0:00:30]} 29. Rh1 {[%emt 0:00:00]} h6 {[%emt 0:02:30]} 30. Ke3 {[%emt 0:02:34]} Nd5+ {[%emt 0:01:30]} 31. Nxd5 {[%emt 0:01:08]} cxd5 {[%emt 0:00:30]} 32. e5 {[%emt 0:01:14]} Rc8 {[%emt 0:01:30]} 33. Kd2 {[%emt 0:05:25]} Rc6 {[%emt 0:02:30]} 34. b3 {[%emt 0:00:30]} Ba6 {[%emt 0:00:00]} 35. Na2 {[%emt 0:02:46]} Rd8 {[%emt 0:07:15]} 36. Nb4 {[%emt 0:00:54]} Rb6 {[%emt 0:01:09]} 37. Rc1 {[%emt 0:00:55]} Bb5 {[%emt 0:00:18]} 38. Rc5 {[%emt 0:00:24]} Bc6 {[%emt 0:00:44]} 39. Rhc1 {[%emt 0:00:26]} Ke7 {[%emt 0:05:22]} 40. R1c3 {[%emt 0:00:23]} Ke6 {[%emt 0:05:28]} 41. Nxc6 {[%emt 0:00:16]} Rxc6 {[%emt 0:00:55]} 42. Rxc6+ {[%emt 0:00:07]} bxc6 {[%emt 0:00:02]} 43. Rxc6+ {[%emt 0:00:08]} Ke7 {[%emt 0:00:23]} 44. Rc7+ {[%emt 0:00:10]} Rd7 {[%emt 0:00:00]} 45. Rxd7+ {[%emt 0:00:37]} Kxd7 {[%emt 0:00:01]} 46. f4 {[%emt 0:00:00]} 1-0

[Event "Istanbul Open 2017"]
[Site "Istanbul"]
[Date "2017.09.12"]
[Round "2"]
[White "Darban, Morteza"]
[Black "Akin, Yagiz Cinar"]
[Result "1-0"]
[WhiteElo "2300"]
[BlackElo "1823"]
[Annotator "TA"]
[PlyCount "59"]
[EventDate "2017.??.??"]
[EventType "swiss"]
[EventCountry "TUR"]
[SourceTitle "playchess.com"]
[Source "ChessBase"]
[SourceQuality "1"]

{[%evp 20,59,48,39,43,40,48,48,55,50,43,51,57,46,50,52,55,49,50,40,69,62,82,67,81,76,137,86,129,122,151,147,231,229,231,207,277,268,444,419,685,683]} 1. g3 d5 2. Bg2 Nf6 3. Nf3 g6 4. b3 Bg7 5. Bb2 c6 6. O-O O-O 7. d3 Bg4 8. Nbd2 {[%cal Bb1d2,Bd2f3,Bf3e1,Be1d3,Bd3f2][%mdl 32]} Nbd7 9. c4 Re8 10. d4 {A11: English Opening: 1...c6} (10. h3 Bxf3 11. Nxf3 e5 12. cxd5 cxd5 13. e3 a5 14. a3 Qb6 15. Rb1 Rad8 16. Re1 e4 17. dxe4 dxe4 18. Bd4 {½-½ (30) Bruzon Batista,L (2652)-Zherebukh,Y (2632) Saint Louis 2017}) 10... Bxf3 11. Nxf3 {LiveBook: 3 Games} Ne4 12. Rc1 $146 {White is slightly better.} ({Predecessor:} 12. Ne5 e6 13. Qc2 Nd6 14. Rad1 a5 15. a4 Rc8 16. e3 Qc7 17. Rc1 Nf6 {½-½ (107) Gordievsky,D (2511)-G,A (2382) Khanty-Mansiysk 2015}) 12... Rc8 13. e3 e6 14. Qe2 Qe7 15. Rfd1 {[%cal Bf1d1,Bd1d2,Bd2e2,Be2e8][%mdl 32]} f5 16. Ne1 Ndf6 17. Nd3 g5 18. f3 Nd6 $1 19. Nf2 h6 20. Rd2 Rc7 21. Re1 h5 22. e4 Nf7 (22... fxe4 $142 23. fxe4 dxe4 24. Nxe4 Nfxe4 25. Bxe4 Nxe4 26. Qxe4 g4) 23. Qd3 (23. e5 $142 Nd7 24. Nd3) 23... Qd7 24. Rde2 Nh6 25. exf5 exf5 (25... Nxf5 $16 26. Bh3 dxc4 27. bxc4 (27. Qxc4 g4 $16) 27... g4) 26. Rxe8+ $18 Nxe8 27. Qe3 Nd6 28. Qxg5 dxc4 $2 {[#]} (28... Nhf7 {was worth a try.} 29. Qg6 Nh8 30. Qxh5 dxc4) 29. d5 Kh7 (29... cxd5 $142 30. Bxg7 Qxg7 31. Qd8+ Kh7 32. Qxd6 c3) 30. Re6 {Precision: White = 58%, Black = 24%.} 1-0

[Event "Istanbul Open 2017"]
[Site "Istanbul"]
[Date "2017.09.12"]
[Round "2"]
[White "Grigoriev, Armen"]
[Black "Abasov, Nijat"]
[Result "0-1"]
[WhiteElo "2143"]
[BlackElo "2575"]
[Annotator "TA"]
[PlyCount "92"]
[EventDate "2017.??.??"]
[EventType "swiss"]
[EventCountry "TUR"]
[SourceTitle "playchess.com"]
[Source "ChessBase"]
[SourceQuality "1"]

{[%evp 13,92,-8,-6,-24,-22,-31,0,-27,-31,-35,-33,-29,-20,-31,-37,-39,-28,-26,-32,-39,-32,-145,-131,-131,-135,-143,-143,-143,-152,-153,-136,-129,-108,-145,-132,-138,-137,-139,-130,-133,-133,-214,-214,-226,-226,-226,-215,-226,-226,-262,-256,-266,-267,-280,-271,-370,-375,-355,-331,-304,-295,-422,-389,-411,-410,-372,-354,-313,-242,-649,-662,-715,-721,-1961,-1889,-5632,-5079,-5730,-5824,-5218,-5077]} 1. c4 c5 2. Nf3 Nc6 3. d4 cxd4 4. Nxd4 Nf6 5. Nc3 e6 6. a3 Bc5 7. e3 {A33: Symmetrical English: 2 Nf3 Nf6 3 d4 cxd4 4 Nxd4 e6 5 Nc3 Nc6} (7. Nb3 Bb6 8. c5 Bc7 9. g3 O-O 10. Bg2 b6 11. O-O Be5 12. a4 bxc5 13. Nxc5 d5 14. e4 Bd4 15. exd5 exd5 {½-½ (42) Karjakin,S (2769)-Caruana,F (2808) Baku 2016}) 7... d5 {LiveBook: 13 Games} 8. Nxc6 (8. cxd5 {with more complications.} exd5 9. Bb5 Bd7 10. O-O a6 11. Be2) 8... bxc6 {[%cal Bb7c6,Bc6d5][%mdl 32]} 9. cxd5 {The position is equal.} cxd5 10. Bb5+ Bd7 11. b4 $146 ({Predecessor:} 11. Qa4 O-O 12. O-O Bxb5 13. Qxb5 Qe7 14. b4 Bd6 15. Qd3 Rfc8 16. Bb2 Rc4 17. Nb5 Bb8 18. Rac1 a6 19. Nd4 Rxc1 20. Rxc1 Bd6 21. h3 {½-½ (21) Raines,D (1063)-Bossi,N (1412) LSS email 2008}) 11... Bd6 12. Bb2 O-O 13. O-O a5 14. bxa5 Qb8 15. a4 Bxh2+ 16. Kh1 {And now f4 would win.} Be5 $36 {[%mdl 2048] ...Rc8 is the strong threat. White is under pressure.} ({But not} 16... Rxa5 $6 17. f4 $16) 17. Rb1 (17. f4 $15 Bxb5 18. axb5 Bxc3 19. Bxc3) 17... Bxb5 $1 $17 ({Don't take} 17... Rxa5 18. Ba3 $15) 18. Nxb5 Bxb2 $1 19. Rxb2 Rxa5 20. Qd4 Rc8 21. Rb4 h6 22. Kg1 Ra6 23. g3 Qa8 24. Rfb1 {intending Nc7!} Rac6 25. Qa7 Ne4 {White must now prevent ...Rc1+.} 26. Qxa8 Rxa8 27. Nd4 (27. Ra1 $17) 27... Rca6 $1 $19 28. Rb8+ {[#]} Rxb8 $1 29. Rxb8+ {[%mdl 4096] Endgame KRN-KRN} Kh7 30. Rb7 {[#]} Kg6 $1 ({Resist} 30... Rxa4 31. Rxf7 Kg6 32. Re7 $17) 31. Nf3 Kf6 32. Nh2 Rxa4 33. Ng4+ Kf5 34. f3 Ng5 35. Kg2 Ra2+ 36. Nf2 Kf6 37. g4 {[#]} (37. Rb4 $142) 37... Nh3 $1 {[%mdl 512]} 38. Kxh3 Rxf2 {KR-KR} 39. Kg3 Re2 40. Rb3 g5 41. Ra3 $2 (41. f4) 41... Ke5 {Black is clearly winning.} 42. Rb3 f5 43. gxf5 exf5 44. Ra3 h5 45. f4+ gxf4+ 46. exf4+ Ke4 {Precision: White = 33%, Black = 82%.} 0-1

[Event "Istanbul Open 2017"]
[Site "Istanbul"]
[Date "2017.09.12"]
[Round "2"]
[White "Alaz, Ahmet Efekan"]
[Black "Maghalashvili, Davit"]
[Result "0-1"]
[WhiteElo "2053"]
[BlackElo "2512"]
[Annotator "TA"]
[PlyCount "110"]
[EventDate "2017.??.??"]
[EventType "swiss"]
[EventCountry "TUR"]
[SourceTitle "playchess.com"]
[Source "ChessBase"]
[SourceQuality "1"]

{[%evp 16,110,36,39,41,37,68,56,42,36,37,42,45,43,44,52,38,12,18,0,6,-39,-33,-43,-22,-37,-33,-100,-102,-182,-131,-136,-143,-123,-139,-474,-459,-566,-553,-622,-607,-602,-253,-258,-258,-261,-253,-248,-150,-267,-264,-278,-281,-277,-277,-277,-277,-277,-277,-279,-268,-278,-277,-343,-342,-327,-290,-280,-238,-205,-192,-200,-148,-134,-125,-163,-100,-179,-165,-254,-259,-356,-319,-356,-343,-331,-328,-321,-291,-12841,-12842,-12842,-12840,-12840,-12836,-12833,-12835]} 1. d4 Nf6 2. Nf3 c5 3. e3 cxd4 4. exd4 d5 5. Bd3 Nc6 6. c3 g6 7. Bf4 Bf5 8. Bxf5 {B13: Caro-Kann: Exchange Variation and Panov-Botvinnik Attack} (8. Na3 Bxd3 9. Qxd3 Nh5 10. Be5 f6 11. Bg3 e5 12. dxe5 Bxa3 13. bxa3 Nxg3 14. hxg3 fxe5 15. Rd1 e4 {0-1 (36) Moiseenko,V (2528)-Khismatullin,D (2617) Sochi 2016}) 8... gxf5 9. Qb3 {LiveBook: 8 Games} Qb6 10. Na3 {[%cal Bb1a3,Ba3b5,Bb5c7][%mdl 32] White is slightly better.} e6 $146 ({Predecessor:} 10... Qxb3 11. axb3 Nh5 12. Bd2 Bg7 13. Nc2 O-O 14. Ne3 e6 15. g4 fxg4 16. Nxg4 {1-0 (40) Aparicio Garcia,E-Lobo Rodriguez,J (2261) Oviedo 2000}) 11. Nb5 {Black must now prevent Nc7+.} Rc8 $1 12. Nc7+ Kd7 13. Qxb6 $1 axb6 14. Nb5 Rg8 15. g3 Ne4 16. Nd2 h5 {[%cal Bh7h5,Bh5h4][%mdl 32]} 17. Nf1 (17. f3 $5 {[%cal Rf3e4]} Nd6 18. a4 $11) 17... Ra8 18. f3 Nf6 19. Nd2 Be7 20. Kf2 h4 21. Nf1 (21. a4 $15) 21... Nh5 $17 22. Bd2 (22. Bc7 $17) 22... Ra5 ({Black should try} 22... Na5 $1 $19 {[%cal Ra5b3] Hoping for ...Nb3!} 23. Ne3 hxg3+ 24. hxg3 Nxg3) 23. c4 Nb4 ({Stronger than} 23... dxc4 24. Bxa5 Nxa5 25. Rd1 $16) 24. a4 dxc4 25. Ne3 $2 {[%mdl 8192]} (25. Bxb4 $17 {is more resistant.} Bxb4 26. Ne3) 25... hxg3+ $19 26. hxg3 Nd3+ 27. Kg2 Rxg3+ 28. Kf1 Nhf4 (28... Rxf3+ $142 29. Ke2 Rf2+ 30. Kd1 Nxb2+ 31. Ke1 Nd3+ 32. Kd1 Ng3 33. Bxa5 Nb2+ 34. Kc1 bxa5) 29. Nxc4 {Strongly threatening Bxf4.} Rxf3+ 30. Kg1 Ne2+ 31. Kg2 Rf2+ 32. Kh3 Ra6 $1 33. Raf1 Bf6 ({Don't take} 33... Rxa4 34. Nxb6+ Kc6 35. Nxa4 $19) 34. Be3 Ndf4+ 35. Bxf4 Nxf4+ 36. Kg3 Rxf1 37. Rxf1 {[#]} Nd5 $1 ({Weaker is} 37... Rxa4 38. Nxb6+ Kc6 39. Nxa4 $11) 38. b3 Ra8 39. Rc1 Rg8+ 40. Kf3 {If White can now play Ne3 this consolidates a bit.} f4 41. Nxb6+ Nxb6 42. Rc7+ Kd8 43. Rxb7 Nc8 44. Rxf7 Be7 {aiming for ...Rg3+.} 45. Rxf4 Nd6 ({Black should play} 45... Kd7 $19 46. Ke4 Nd6+ 47. Nxd6 Kxd6) 46. Nc3 (46. Nxd6 $17 Bxd6 47. Rh4) 46... Kd7 {Threatens to win with ...Rb8.} 47. Ke2 (47. d5 {was worth a try.}) 47... Rb8 48. Rf1 Rxb3 49. Kd3 Bd8 50. Kc2 Ra3 51. Rh1 Ba5 52. Nb5 $2 (52. Rh7+ Kc6 53. d5+ exd5 {[#]} 54. Nxd5 $1 {[%mdl 512]}) 52... Nxb5 {Black is clearly winning.} 53. axb5 Rc3+ 54. Kb2 Rc4 55. Rh7+ Kd6 {Precision: White = 42%, Black = 73%.} 0-1

[Event "Istanbul Open 2017"]
[Site "Istanbul"]
[Date "2017.09.12"]
[Round "2"]
[White "Kazdagli, Benan"]
[Black "Shanava, Konstantine"]
[Result "0-1"]
[WhiteElo "1971"]
[BlackElo "2504"]
[Annotator "TA"]
[PlyCount "72"]
[EventDate "2017.??.??"]
[EventType "swiss"]
[EventCountry "TUR"]
[SourceTitle "playchess.com"]
[Source "ChessBase"]
[SourceQuality "1"]

{[%evp 10,72,77,27,45,0,0,-3,29,22,29,29,22,29,47,8,58,-43,-46,-147,-146,-143,-148,-145,-139,-166,-126,-195,-197,-235,-229,-235,-192,-224,-200,-325,-266,-274,-274,-250,-249,-264,-232,-274,-276,-216,-213,-206,-283,-355,-362,-346,-308,-627,-617,-645,-599,-1164,-1116,-2495,-2361,-2481,-1802,-4966,-3214]} 1. e4 g6 2. d4 Bg7 3. Nc3 c6 4. Nf3 d5 5. h3 f6 6. e5 {LiveBook: 4 Games. B15: Caro-Kann: 3 Nc3: 3...g6 and 3...dxe4 4 Nxe4 Nf6 5 Nxf6+ exf6} Nd7 {[%cal Rf6e5]} 7. Bf4 fxe5 8. dxe5 {The position is equal.} Qb6 9. Qd2 Qxb2 10. Rb1 Qa3 11. Bd3 Nc5 12. O-O Nxd3 (12... e6 {seems wilder.} 13. Rfe1 Qa5 14. Be3 Ne7 15. Be2 Nf5) 13. Qxd3 $146 (13. Rb3 $14 Qa6 14. cxd3) ({Predecessor:} 13. cxd3) 13... Nh6 $15 14. e6 ({White should play} 14. Rb3 $15 Qa5 15. Qe3) 14... Qxc3 $17 15. Qxc3 Bxc3 16. Bxh6 b5 $1 {[%cal Bb7b5,Bb5b4][%mdl 32]} ({Worse is} 16... Bxe6 17. Rxb7 Bc8 18. Rc7 $11) 17. Ng5 a5 18. f4 (18. Rfd1 $17 {might work better.}) 18... b4 $19 19. f5 Ba6 20. Rf3 gxf5 21. Rxf5 Bc4 22. g4 (22. Nf7 $142 Rg8 23. Ne5) 22... Bxa2 23. Rbf1 {Intending Rf8+ and mate.} O-O-O 24. Nf7 a4 25. Nxh8 Bxh8 26. Rf8 {Rxd8+ is the strong threat.} Bd4+ 27. Kg2 {White wants to play Rxd8+.} b3 28. cxb3 axb3 {And now ...b2 would win.} (28... Bxb3 29. Bg5 $15) 29. Bc1 Rxf8 $1 30. Rxf8+ {[%mdl 4096] Endgame KRB-KB} Kc7 31. Rf7 $2 (31. Bf4+ Kb6 32. Bc1) 31... Kd6 {Black is clearly winning.} ({Not} 31... b2 32. Bxb2 $1 {[%mdl 512]} Bxb2 33. Rf2 $17) 32. Ba3+ c5 33. h4 Bb1 (33... b2 $2 {[#]} 34. Bxb2 $1 {[%mdl 512]} Bxb2 35. Rf2 $19) 34. h5 Kxe6 35. Rf8 Be4+ 36. Kg3 b2 {Precision: White = 23%, Black = 79%.} 0-1

[Event "Istanbul Open 2017"]
[Site "Istanbul"]
[Date "2017.09.12"]
[Round "2"]
[White "Kocak, Can"]
[Black "Citak, Selim"]
[Result "1/2-1/2"]
[WhiteElo "1971"]
[BlackElo "2318"]
[Annotator "TA"]
[PlyCount "42"]
[EventDate "2017.??.??"]
[EventType "swiss"]
[EventCountry "TUR"]
[SourceTitle "playchess.com"]
[Source "ChessBase"]
[SourceQuality "1"]

{[%evp 16,42,16,-10,18,0,-1,-30,-22,-22,-28,-39,-41,-21,4,-29,0,0,0,0,18,17,23,25,65,-72,-68,-28,0]} 1. e4 c5 2. Nc3 Nc6 3. g3 g6 4. Bg2 Bg7 5. d3 d6 6. Be3 Nf6 7. h3 O-O 8. Nge2 e5 9. f4 {LiveBook: 5 Games. B26: Closed Sicilian: 3 g3, lines with early Be3} (9. O-O Nd4 10. Kh2 Nh5 11. Nd5 Be6 12. c3 Nxe2 {½-½ (12) Rublevsky,S (2680)-Gelfand,B (2733) Sochi 2007}) 9... Nd4 10. g4 b5 $146 {[%cal Bb7b5,Bb5b4][%mdl 32]} ({Predecessor:} 10... h5 11. Qd2 hxg4 12. O-O-O gxh3 13. Ng3 hxg2 14. Qxg2 Bg4 15. fxe5 Nh5 16. Nxh5 gxh5 {0-1 (31) De Vreugt,D-Mawira,D Haarlem 1993}) 11. Qd2 {The position is equal.} b4 12. Nd1 exf4 13. Bxf4 Nxe2 14. Qxe2 d5 15. Ne3 dxe4 16. dxe4 {[#] And now e5 would win.} Bb7 17. e5 Bxg2 18. Qxg2 Nd7 19. O-O-O {Hoping for Qb7.} Qe8 20. Nc4 (20. Nf5 $14 {keeps the upper hand.}) 20... Nxe5 $17 21. Rhe1 {[%cal Rf4e5]} Qc6 {Precision: White = 33%, Black = 57%.} 1/2-1/2

[Event "Istanbul Open 2017"]
[Site "Istanbul"]
[Date "2017.09.12"]
[Round "2"]
[White "Demirbag, Alihan"]
[Black "Bashirli, Nail"]
[Result "0-1"]
[WhiteElo "1932"]
[BlackElo "2352"]
[Annotator "TA"]
[PlyCount "130"]
[EventDate "2017.??.??"]
[EventType "swiss"]
[EventCountry "TUR"]
[SourceTitle "playchess.com"]
[Source "ChessBase"]
[SourceQuality "1"]

{[%evp 15,130,-2,16,-12,-4,0,-11,-17,-8,-9,16,18,0,11,15,25,18,-4,-13,-61,-11,-10,-2,-7,-10,-10,-4,-8,-2,-12,0,0,0,0,0,0,6,8,16,0,0,0,0,0,6,0,93,0,48,41,88,0,0,0,0,0,0,0,0,0,0,0,0,0,0,0,0,0,0,0,0,0,0,0,0,0,0,0,0,0,0,-8,-15,-32,-32,-32,-22,-32,-20,-137,-20,-4706,-2246,-792,-20,-29972,-29973,-29968,-29972,-29971,-29964,-29959,-29963,-12794,-12347,-9412,-6103,-29981,-29982,-29982,-29983,-29983,-29984,-29985,-29986,-29986,-29987]} 1. e4 c5 2. Nc3 d6 3. g3 Nc6 4. Bg2 g6 5. d3 Bg7 6. Be3 e6 7. Qd2 Nd4 8. Nd1 h5 {LiveBook: 4 Games} 9. h3 {B26: Closed Sicilian: 3 g3, lines with early Be3} (9. c3 Nc6 10. Nf3 Nf6 11. Bg5 Qd7 12. O-O b6 13. Re1 Bb7 14. d4 e5 15. Bxf6 Bxf6 16. dxc5 bxc5 {0-1 (70) Karpenko,A (2331)-Kharitonov,A (2571) Voronezh 2016}) 9... Ne7 10. c3 Ndc6 11. Ne2 {The position is equal.} b6 12. O-O d5 13. exd5 Nxd5 14. d4 cxd4 15. Nxd4 Bb7 $146 ({Predecessor:} 15... Nce7 16. Re1 Rb8 17. Bg5 f6 18. Nxe6 Bxe6 19. Rxe6 {½-½ (53) Bolourchifard,F (1929)-Vakhidov,J Kemer 2007}) 16. Nxc6 Bxc6 17. Bd4 O-O (17... Ne7 {looks sharper.} 18. Qe2 Bxd4 19. cxd4 Qxd4 20. Nc3 O-O) 18. Bxg7 Kxg7 19. Ne3 Nxe3 20. Qxe3 Bxg2 21. Kxg2 Qd5+ 22. Qf3 Qd2 23. b3 Rad8 24. c4 Qb2 25. Rfd1 Qe5 26. h4 b5 27. Rac1 Rxd1 28. Qxd1 $11 {[%mdl 4096] Endgame KQR-KQR} a6 29. c5 Rc8 30. Qc2 b4 {[#]} (30... Qd5+ $11 {keeps the balance.} 31. Kg1 b4) 31. c6 (31. Qc4 $1 $16) 31... Rc7 32. Qc4 a5 33. Qc5 ({Better is} 33. Kf1 $16) 33... Qxc5 $1 34. Rxc5 {KR-KR} Kf6 35. Rxa5 Rxc6 36. Rb5 Rc2 37. Rxb4 Rxa2 38. Rb7 Rb2 39. Kf3 e5 40. b4 Ke6 41. b5 Rb3+ 42. Ke2 f6 43. Rb6+ Kf5 44. f3 Rb2+ 45. Kf1 g5 46. hxg5 Kxg5 47. Rb8 h4 48. gxh4+ Kxh4 {Black wants to play ...Kg5.} 49. Rf8 Kg5 {White must now prevent ...f5.} 50. Rh8 Kf4 51. Rh3 f5 52. b6 (52. Rh5 $11) 52... Rxb6 (52... Ke3 $17 53. Rh5 f4 54. Rxe5+ Kxf3) 53. Kg2 $2 {[%mdl 8192]} (53. Rh5 $11) 53... Rb2+ $19 54. Kg1 {[#]} Rc2 $2 (54... Rb3 $1 $19 55. Kf2 e4 56. Rh4+ Kg5) 55. Kh1 $2 {[%mdl 8192]} (55. Rh5 $11) 55... Rf2 56. Rh5 Rxf3 57. Kg2 Rg3+ 58. Kf2 Ra3 59. Rh4+ Kg5 60. Rh8 e4 61. Re8 Kf4 {Black mates.} 62. Rh8 Ra2+ 63. Kf1 Kg4 64. Rh7 f4 65. Re7 Kf3 {Precision: White = 43%, Black = 52%.} 0-1

[Event "Istanbul Open 2017"]
[Site "Istanbul"]
[Date "2017.09.12"]
[Round "2"]
[White "Erencek, Ali Ediz"]
[Black "Erden, Kadir"]
[Result "1/2-1/2"]
[WhiteElo "1888"]
[BlackElo "2283"]
[Annotator "TA"]
[PlyCount "102"]
[EventDate "2017.??.??"]
[EventType "swiss"]
[EventCountry "TUR"]
[SourceTitle "playchess.com"]
[Source "ChessBase"]
[SourceQuality "1"]

{[%evp 20,102,-19,-19,0,0,-4,0,15,4,0,0,9,-8,0,0,0,-13,-18,-3,-14,-29,-29,-21,-17,-31,-8,-6,-6,-15,-4,-72,-72,-73,-2,-74,-74,-75,-72,-65,-70,-73,-74,-74,-58,-87,-88,-102,0,-74,-70,-75,-75,-82,-75,-75,-75,-75,-75,-75,-75,-75,-75,-75,-75,-75,-75,-114,-98,-70,-59,-67,0,-64,-63,-65,-60,-66,-52,-52,-53,-58,0,-75,0]} 1. d4 d5 2. Nf3 Nf6 3. c4 e6 4. Nc3 dxc4 5. e3 a6 6. Bxc4 b5 7. Bd3 c5 8. dxc5 Bxc5 9. O-O Bb7 10. Qe2 Nbd7 {D27: Queen's Gambit Accepted: Classical main line: 7 e4!? and 7 a4} 11. Rd1 {LiveBook: 3 Games} Qb8 12. a3 O-O {The position is equal.} 13. b4 Bd6 14. h3 Rc8 15. Bb2 Nb6 16. Rac1 $146 ({Find the theoretical novelty and annotate with similar games:} 16. Nd2 Bh2+ 17. Kf1 Be5 18. Rac1 Bxc3 19. Bxc3 {0-1 (29) Milutinovic,S (1806)-Petkov,V (2490) Plovdiv 2010}) 16... Nc4 17. Bxc4 Rxc4 18. Nb1 (18. Nd2 $5 {[%cal Rd2c4]} Rc6 19. Nb3 $11) 18... Rxc1 19. Rxc1 Qd8 20. Bd4 Rc8 21. Rxc8 Qxc8 22. Qb2 Bxf3 23. gxf3 Qc6 24. Nd2 Ne8 25. Qc3 (25. f4 $11) 25... Qxc3 $17 26. Bxc3 {[%mdl 4096] Endgame KBN-KBN} f6 ({Black should try} 26... e5 $1 $17) 27. Ne4 {[#]} (27. f4 $1 $11) 27... e5 $1 28. Kf1 Kf7 29. Ke2 Ke6 30. Kd3 h6 31. Nd2 Nc7 32. e4 Kf7 33. Nb3 Ke6 ({Black should play} 33... Kg6 $17 {Hoping for ...Kg5.} 34. Ke2 Kh5) 34. Bd2 (34. Nd2 $1 $11 {keeps the balance.}) 34... Kd7 35. Be3 Ne6 36. Kc3 Kc6 37. Na5+ {[#]} Kc7 $1 38. Nb3 h5 39. Kd3 g6 {[%cal Bg7g6,Bg6g5][%mdl 32]} 40. Ke2 Kd7 41. Na5 f5 {[%cal Bf6f5,Bf5f4][%mdl 32]} 42. Kf1 f4 43. Bb6 g5 44. Kg2 Bf8 45. Kf1 Bd6 46. Kg2 $1 Kc8 47. Kf1 Be7 48. Kg2 Kd7 49. Kf1 Kd6 50. Kg2 Kd7 51. Kf1 $1 Bd6 {Precision: White = 60%, Black = 58%.} (51... Bf8 $17) 1/2-1/2

[Event "Istanbul Open 2017"]
[Site "Istanbul"]
[Date "2017.09.12"]
[Round "2"]
[White "Yaylali, Adnan Dogan"]
[Black "Mohannad, Farhan"]
[Result "0-1"]
[WhiteElo "1873"]
[BlackElo "2264"]
[Annotator "TA"]
[PlyCount "81"]
[EventDate "2017.??.??"]
[EventType "swiss"]
[EventCountry "TUR"]
[SourceTitle "playchess.com"]
[Source "ChessBase"]
[SourceQuality "1"]

{[%evp 18,81,25,13,31,18,86,60,82,55,88,38,91,75,62,52,111,115,93,59,70,73,95,0,0,0,55,0,0,-6,0,0,-2,0,0,0,15,15,23,8,12,21,23,-10,-11,-462,-443,-434,-254,-265,-258,-260,-256,-389,-388,-377,-277,-447,-422,-412,-404,-348,-338,-575,-575,-589]} 1. d4 Nf6 2. c4 g6 3. g3 Bg7 4. Bg2 O-O 5. Nc3 c6 6. e4 d6 7. Nge2 e5 8. O-O Nbd7 9. h3 Re8 10. d5 {LiveBook: 5 Games} cxd5 {E72: King's Indian: 4 e4 d6 5 g3} (10... Qc7 11. Be3 a5 12. Rc1 Nc5 13. b3 Bd7 14. a3 Na6 15. Rb1 c5 16. Qd2 Qd8 17. Kh2 Rb8 18. Nb5 {1-0 (78) Mchedlishvili,M (2632)-Salgado Lopez,I (2622) Dubai 2014}) 11. cxd5 Nb6 (11... a5 $11 {remains equal.}) 12. b3 Bd7 {White is slightly better.} 13. a4 a6 $146 ({Predecessor:} 13... Rc8 14. Ba3 Qe7 15. Rc1 h5 16. Qd3 Bh6 17. Rc2 Rc7 18. Bc1 Bxc1 19. Rfxc1 {½-½ (51) Kortus,J-Nanji,R IECG email 1996}) 14. Be3 Rc8 ({Black should play} 14... Nh5 $1 $14) 15. Qd2 Nh5 16. Rac1 Na8 (16... f5 $14) 17. g4 $16 Nf6 18. f4 exf4 19. Bxf4 h5 20. gxh5 (20. g5 $16 Nh7 21. Qe3) 20... Nxh5 $11 21. Be3 Qa5 (21... b5 $11) 22. Nb1 (22. Bd4 $14) 22... Qxd2 23. Nxd2 b5 24. axb5 axb5 25. Rxc8 Rxc8 26. Rc1 Re8 27. Kf2 f5 28. exf5 gxf5 29. Bf3 Nf6 30. Nd4 Nb6 31. Rc7 $2 {[%mdl 8192] [#]} (31. Nxf5 $11 {and White has nothing to worry.} Nbxd5 32. Nxg7 Rxe3 33. Nh5 Rxf3+ 34. Kxf3 Nxh5 35. Ne4) 31... Rxe3 $1 $19 {[%mdl 512]} 32. Rxd7 {[#]} (32. Kxe3 Nfxd5+) 32... Rxf3+ ({Inferior is} 32... Nbxd7 33. Kxe3 f4+ 34. Ke2 $16) (32... Ng4+ $142 $1 {[%mdl 512]} 33. Bxg4 Bxd4 34. Bxf5 Re7+ 35. Kf3 Nxd7) 33. N2xf3 {aiming for Rd8+.} Nfxd7 34. Nxf5 Be5 35. N3d4 (35. N5d4 {was called for.}) 35... b4 36. Nb5 Nc8 37. Ke2 $2 (37. Nbd4) 37... Nc5 38. Nbd4 Kf7 39. Nc6 Bc3 40. Ne3 $2 (40. Na5 {was worth a try.}) 40... Nxb3 41. Kd3 {Precision: White = 44%, Black = 53%.} 0-1